[Event "I Festival A"]
[Site "Turbigo ITA"]
[Date "2008.05.10"]
[Round "4"]
[White "Melino, Gianluca"]
[Black "Messina, Gianmaria"]
[Result "0-1"]
[WhiteElo "1794"]
[BlackElo "1585"]
[PlyCount "70"]
[EventDate "2008.05.08"]

1. d4 e6 2. e4 d5 3. exd5 exd5 4. Nf3 Bg4 5. Be2 Bd6 6. O-O Nd7 7. c3 c6 8. Re1
Qc7 9. h3 Bh5 10. Nh4 Bg6 11. Bg4+ Ne7 12. Nf5 Bxf5 13. Bxf5 O-O-O 14. Bd3 h6
15. b3 f5 16. Bf4 Rde8 17. Bxd6 Qxd6 18. Qf3 g6 19. Nd2 Nf6 20. c4 Ne4 21. Qd1
Qf4 22. Nf3 g5 23. Bxe4 fxe4 24. Ne5 Rhf8 25. Re2 h5 26. cxd5 Nxd5 27. Ng6 Qf5
28. Nxf8 Nc3 29. Qd2 Nxe2+ 30. Qxe2 Rxf8 31. Rf1 g4 32. f3 gxf3 33. gxf3 exf3
34. Qh2 Rg8+ 35. Kh1 Rg2 0-1

[Event "I Festival A"]
[Site "Turbigo ITA"]
[Date "2008.05.10"]
[Round "4"]
[White "Testa, Loris"]
[Black "Schingaro, Angelo"]
[Result "1-0"]
[WhiteElo "1656"]
[BlackElo "1698"]
[PlyCount "47"]
[EventDate "2008.05.08"]

1. e4 c5 2. Nf3 e6 3. d4 cxd4 4. Nxd4 a6 5. Nc3 Qc7 6. Be3 Nf6 7. Bd3 Nc6 8.
O-O Be7 9. a4 b6 10. f4 d6 11. Kh1 Bb7 12. Qe1 Nb4 13. Qg3 d5 14. e5 Nh5 15.
Qh3 Nxd3 16. cxd3 g6 17. Rac1 Qd7 18. f5 exf5 19. Nxf5 gxf5 20. Qxh5 d4 21.
Rxf5 dxe3 22. Rxf7 Bxg2+ 23. Kxg2 Rg8+ 24. Rg7+ 1-0

[Event "I Festival A"]
[Site "Turbigo ITA"]
[Date "2008.05.11"]
[Round "5"]
[White "Azzolin, Lorenzo"]
[Black "Fizzotti, Mario"]
[Result "1/2-1/2"]
[WhiteElo "1638"]
[BlackElo "1833"]
[PlyCount "69"]
[EventDate "2008.05.08"]

1. e4 e5 2. Nf3 Nf6 3. d4 Nxe4 4. Bd3 d5 5. Nxe5 Bd6 6. O-O O-O 7. Re1 c5 8. c3
Nc6 9. Nxc6 bxc6 10. h3 f5 11. Nd2 cxd4 12. cxd4 Qh4 13. Qf3 Nxf2 14. Qxf2 Bg3
15. Qe2 Qxd4+ 16. Qe3 Qxe3+ 17. Rxe3 f4 18. Rf3 Re8 19. b4 Re1+ 20. Nf1 g5 21.
Bb2 Rxa1 22. Bxa1 g4 23. Bxh7+ Kxh7 24. hxg4 Bxg4 25. Rc3 Re8 26. Rxc6 Re1 27.
Bc3 Rd1 28. Bd2 Be2 29. Rc1 Rxf1+ 30. Rxf1 Bxf1 31. Kxf1 Kg6 32. Ke2 Kf5 33.
Kf3 d4 34. a3 Ke5 35. a4 1/2-1/2

[Event "I Festival A"]
[Site "Turbigo ITA"]
[Date "2008.05.11"]
[Round "5"]
[White "Barrera, Pietro"]
[Black "Colombo, Sandro"]
[Result "1-0"]
[WhiteElo "1875"]
[BlackElo "1853"]
[PlyCount "59"]
[EventDate "2008.05.08"]

1. d4 d5 2. Nf3 c5 3. c3 Nf6 4. Bg5 e6 5. e3 cxd4 6. exd4 Be7 7. Bd3 h6 8. Bf4
Nc6 9. Nbd2 Bd6 10. Bxd6 Qxd6 11. Qe2 O-O 12. O-O Nd7 13. Rae1 Re8 14. Ne5
Ncxe5 15. dxe5 Qc7 16. Nb3 Nc5 17. Nxc5 Qxc5 18. Qg4 Bd7 19. Re3 Bb5 20. b4 Qc6
21. Rg3 g5 22. Bxb5 Qxb5 23. h4 Kh7 24. hxg5 Rg8 25. Rh3 Rg6 26. Rxh6+ Rxh6 27.
gxh6 Kxh6 28. Qf4+ Kg7 29. Re1 Rc8 30. Re3 1-0

[Event "I Festival A"]
[Site "Turbigo ITA"]
[Date "2008.05.11"]
[Round "5"]
[White "Novi', Giuseppe"]
[Black "Melino, Gianluca"]
[Result "1-0"]
[WhiteElo "1757"]
[BlackElo "1794"]
[PlyCount "47"]
[EventDate "2008.05.08"]

1. e4 c5 2. Nf3 Nc6 3. Bc4 e6 4. O-O a6 5. c3 b5 6. Bb3 g6 7. d4 cxd4 8. cxd4
Bg7 9. Nc3 Nge7 10. Bg5 h6 11. Bh4 O-O 12. Rc1 Qb6 13. d5 g5 14. Bxg5 hxg5 15.
dxc6 Nxc6 16. Nxg5 f6 17. Nxe6 dxe6 18. Nd5 Qb7 19. Rxc6 exd5 20. Qxd5+ Rf7 21.
Qh5 Qe7 22. Rfc1 Bd7 23. Rc7 Rd8 24. Rd1 1-0

[Event "I Festival A"]
[Site "Turbigo ITA"]
[Date "2008.05.11"]
[Round "5"]
[White "Santarelli, Sabatino"]
[Black "Turini, Gianluca"]
[Result "0-1"]
[WhiteElo "1575"]
[BlackElo "1500"]
[PlyCount "128"]
[EventDate "2008.05.08"]

1. d4 Nf6 2. c4 g6 3. Nc3 d5 4. Nf3 c6 5. Bg5 Bg7 6. h3 O-O 7. e3 Nbd7 8. Be2
Re8 9. O-O b6 10. cxd5 cxd5 11. Qb3 Bb7 12. Bb5 Rf8 13. Rac1 h6 14. Bf4 e6 15.
Bd6 Re8 16. Ba4 a6 17. Bxd7 Nxd7 18. Na4 b5 19. Bc7 Qe7 20. Bg3 Rec8 21. Nc3
Bc6 22. a3 Nb6 23. Nd2 Be8 24. Na2 Qb7 25. Qd1 Rxc1 26. Nxc1 Nc4 27. Nd3 Bf8
28. Qe2 Rc8 29. Rc1 Rc6 30. Qe1 Qc8 31. Nb3 Qa8 32. Na5 Rc8 33. Nb3 a5 34. Nbc5
a4 35. Qb4 Qa7 36. b3 axb3 37. Qxb3 Qxa3 38. Qd1 Ra8 39. Nb3 Qa7 40. Ra1 Qb7
41. h4 h5 42. Be5 Nxe5 43. Nxe5 Rxa1 44. Qxa1 f6 45. Nd3 Kf7 46. Qa5 Qc6 47.
Qa7+ Qd7 48. Qb6 Bd6 49. g3 Bc7 50. Qb7 Qc6 51. Qxc6 Bxc6 52. Nbc5 e5 53. Nb4
Ba8 54. Nca6 Bd6 55. dxe5 fxe5 56. Kf1 Bb7 57. Ke2 Ke6 58. Kd3 e4+ 59. Kd4 Bxa6
60. Nxa6 b4 61. Nxb4 Bxb4 62. g4 hxg4 63. h5 gxh5 64. f4 Be7 0-1

[Event "I Festival A"]
[Site "Turbigo ITA"]
[Date "2008.05.11"]
[Round "5"]
[White "Schingaro, Angelo"]
[Black "Clerici, Samuele"]
[Result "1-0"]
[WhiteElo "1698"]
[BlackElo "1527"]
[PlyCount "59"]
[EventDate "2008.05.08"]

1. e4 e5 2. Nf3 Nc6 3. d4 exd4 4. Nxd4 d6 5. Nxc6 bxc6 6. Nc3 Be6 7. Bd3 Nf6 8.
O-O Be7 9. h3 d5 10. e5 Nd7 11. Re1 O-O 12. Bf4 Bg5 13. Qh5 h6 14. Bxg5 Qxg5
15. Qxg5 hxg5 16. b3 Rfe8 17. Na4 f6 18. exf6 gxf6 19. Rad1 Ne5 20. Ba6 Re7 21.
Nc5 Bc8 22. Bf1 Bxh3 23. Rxe5 fxe5 24. gxh3 Rf8 25. c4 d4 26. Ne4 Rg7 27. Rd3
Rf4 28. Bg2 g4 29. hxg4 Rfxg4 30. Nf6+ 1-0

[Event "I Festival A"]
[Site "Turbigo ITA"]
[Date "2008.05.11"]
[Round "5"]
[White "Testa, Loris"]
[Black "Marchesotti, Giovanni"]
[Result "1/2-1/2"]
[WhiteElo "1656"]
[BlackElo "1664"]
[PlyCount "37"]
[EventDate "2008.05.08"]

1. d4 Nf6 2. c4 e6 3. Nc3 Bb4 4. Nf3 c5 5. a3 Bxc3+ 6. bxc3 O-O 7. g3 d5 8. Bg2
Nbd7 9. O-O b6 10. cxd5 exd5 11. Qb3 c4 12. Qc2 Re8 13. Bf4 Ne4 14. Be5 f6 15.
Bf4 Nf8 16. Nd2 Bf5 17. Nxe4 Bxe4 18. Bxe4 Rxe4 19. f3 1/2-1/2

[Event "XXVI Festival Isola d'Elba A"]
[Site "Capoliveri ITA"]
[Date "2008.05.10"]
[Round "1"]
[White "Bartoli, Fabio"]
[Black "Doleschal, Johannes"]
[Result "1-0"]
[WhiteElo "1869"]
[BlackElo "2037"]
[PlyCount "79"]
[EventDate "2008.05.10"]

1. e4 e5 2. Nf3 Nc6 3. Bb5 a6 4. Ba4 Nf6 5. O-O b5 6. Bb3 Be7 7. Re1 d6 8. h3
O-O 9. c3 Na5 10. Bc2 c5 11. d4 Qc7 12. Nbd2 cxd4 13. cxd4 Bb7 14. Nb3 Nxb3 15.
axb3 Rac8 16. Bd3 Rfe8 17. d5 Nd7 18. Be3 Qb8 19. b4 Rc7 20. Rc1 Rxc1 21. Qxc1
Rc8 22. Qd2 Bd8 23. Rc1 Bb6 24. Nh4 g6 25. Bh6 Rxc1+ 26. Qxc1 Qd8 27. Bg5 f6
28. Bd2 Kg7 29. g3 Qc7 30. Bh6+ Kf7 31. Qd1 Nf8 32. Qg4 Bc8 33. Nf5 Bd7 34. Kg2
Bxf5 35. exf5 g5 36. h4 Qc1 37. hxg5 Qxb2 38. g6+ hxg6 39. fxg6+ Kg8 40. Qc8
1-0

[Event "XXVI Festival Isola d'Elba A"]
[Site "Capoliveri ITA"]
[Date "2008.05.10"]
[Round "1"]
[White "Bossoni, Mario"]
[Black "Oschetzki, Stefan"]
[Result "0-1"]
[WhiteElo "1977"]
[BlackElo "2175"]
[PlyCount "108"]
[EventDate "2008.05.10"]

1. e4 d6 2. d4 Nf6 3. Nc3 g6 4. Nf3 Bg7 5. Be2 O-O 6. O-O c6 7. a4 a5 8. h3 Qc7
9. Bf4 Nh5 10. Bh2 e5 11. Qd2 Nd7 12. Rad1 Re8 13. dxe5 dxe5 14. Nd4 Nf4 15.
Bxf4 exf4 16. Bc4 Nc5 17. Rfe1 Be5 18. Qe2 Bd7 19. Qf3 Rad8 20. Nde2 Ne6 21.
Bxe6 Bxe6 22. Nc1 f6 23. Rxd8 Rxd8 24. Nb3 Bxb3 25. cxb3 Rd2 26. Re2 Bxc3 27.
bxc3 Rd1+ 28. Kh2 Qd6 29. e5 fxe5 30. Rxe5 Qxe5 31. Qxd1 f3+ 32. g3 Qxc3 33.
Qd8+ Kf7 34. Qd7+ Kf6 35. Qxb7 Qc2 36. Qb6 Qc3 37. Qd8+ Ke6 38. h4 Qc5 39. Kg1
Qd5 40. Qe8+ Kf5 41. Qe3 Qd1+ 42. Kh2 Qe2 43. Qc5+ Ke4 44. Qxc6+ Kd3 45. Qc5 h5
46. Kg1 Qd1+ 47. Kh2 Ke2 48. g4 hxg4 49. Qe3+ Kf1 50. Kg3 Qe1 51. Qd4 Kg1 52.
Kxg4 Qxf2 53. Qd1+ Kg2 54. Qd6 Qe1 0-1

[Event "XXVI Festival Isola d'Elba A"]
[Site "Capoliveri ITA"]
[Date "2008.05.10"]
[Round "1"]
[White "Calisi, Elia"]
[Black "Codenotti, Marco"]
[Result "0-1"]
[WhiteElo "1874"]
[BlackElo "2063"]
[PlyCount "50"]
[EventDate "2008.05.10"]

1. d4 Nf6 2. c4 g6 3. Nf3 Bg7 4. Nc3 O-O 5. b4 d6 6. e3 c5 7. a3 Bg4 8. Bb2 Nc6
9. b5 cxd4 10. exd4 Bxf3 11. gxf3 Nb8 12. Qd2 Nbd7 13. Ne4 Rc8 14. Rc1 d5 15.
Nxf6+ Bxf6 16. c5 e5 17. c6 Bg5 18. Qc3 Bxc1 19. Bxc1 bxc6 20. bxc6 exd4 21.
Qxd4 Rxc6 22. Qb2 Re8+ 23. Be2 Qc7 24. O-O Rc2 25. Qd4 Rxc1 0-1

[Event "XXVI Festival Isola d'Elba A"]
[Site "Capoliveri ITA"]
[Date "2008.05.10"]
[Round "1"]
[White "Ceccarini, Marco"]
[Black "Picone, Franco"]
[Result "1/2-1/2"]
[WhiteElo "2077"]
[BlackElo "1882"]
[PlyCount "49"]
[EventDate "2008.05.10"]

1. e4 d5 2. exd5 Qxd5 3. Nf3 Bg4 4. Be2 Nc6 5. O-O O-O-O 6. Nc3 Qd7 7. b4 Nf6
8. b5 Nd4 9. h3 Nxe2+ 10. Qxe2 Bxf3 11. Qxf3 g5 12. Qe3 Kb8 13. Qxg5 Rg8 14.
Qh4 Bg7 15. Rb1 Nd5 16. Nxd5 Qxd5 17. d3 f5 18. g3 Be5 19. Bf4 Bf6 20. Qh5 e5
21. Bd2 f4 22. Kh2 Rg5 23. Qe2 Rdg8 24. Rg1 Qxa2 25. gxf4 1/2-1/2

[Event "XXVI Festival Isola d'Elba A"]
[Site "Capoliveri ITA"]
[Date "2008.05.10"]
[Round "1"]
[White "Evangelisti, Claudio R."]
[Black "Bini, Alessandro"]
[Result "1-0"]
[WhiteElo "2244"]
[BlackElo "2007"]
[PlyCount "87"]
[EventDate "2008.05.10"]

1. d4 g6 2. Nf3 Bg7 3. g3 d6 4. Bg2 Nf6 5. O-O O-O 6. Ne1 c5 7. dxc5 dxc5 8.
Qxd8 Rxd8 9. Nd3 Na6 10. Na3 Nd5 11. c3 Rb8 12. Nb5 c4 13. Nf4 Nxf4 14. Bxf4 e5
15. Be3 Bg4 16. Rfd1 b6 17. Kf1 Rd7 18. Rxd7 Bxd7 19. Nxa7 Nc7 20. Rd1 Be8 21.
Rd6 b5 22. Nc6 Bf8 23. Rd2 Ra8 24. a3 f6 25. Nxe5 fxe5 26. Bxa8 Nxa8 27. Rd8
Nc7 28. Bb6 Be7 29. Rc8 Kf7 30. Bxc7 e4 31. Rb8 h5 32. Bd8 Bd6 33. Rb7+ Ke6 34.
Ke1 Bc6 35. Rh7 Bc5 36. Bg5 Be8 37. Kd2 Bf7 38. Be3 Bf8 39. h4 Bd6 40. Bd4 Be7
41. Rh8 g5 42. hxg5 Bxg5+ 43. Be3 Bf6 44. Rb8 1-0

[Event "XXVI Festival Isola d'Elba A"]
[Site "Capoliveri ITA"]
[Date "2008.05.10"]
[Round "1"]
[White "Gambardella, Piero"]
[Black "Vuelban, Virgilio"]
[Result "0-1"]
[WhiteElo "2024"]
[BlackElo "2270"]
[PlyCount "32"]
[EventDate "2008.05.10"]

1. d4 Nf6 2. c4 g6 3. Nc3 Bg7 4. e4 d6 5. f3 O-O 6. Bg5 a6 7. Qd2 c6 8. O-O-O
b5 9. c5 dxc5 10. dxc5 Qa5 11. Kb1 Be6 12. Nd5 Qxd2 13. Nxe7+ Kh8 14. Rxd2 Ra7
15. h4 Rxe7 16. e5 Bf5+ 0-1

[Event "XXVI Festival Isola d'Elba A"]
[Site "Capoliveri ITA"]
[Date "2008.05.10"]
[Round "1"]
[White "Gardi, Giuseppe"]
[Black "Papa, Angelo"]
[Result "1/2-1/2"]
[WhiteElo "2061"]
[BlackElo "1874"]
[PlyCount "53"]
[EventDate "2008.05.10"]

1. c4 g6 2. Nc3 Bg7 3. g3 Nf6 4. Bg2 d6 5. e3 O-O 6. Nge2 e5 7. O-O Nc6 8. Rb1
Bd7 9. b4 Qc8 10. Re1 Bh3 11. Bh1 Qd7 12. b5 Ne7 13. Bxb7 Rab8 14. Bh1 c6 15.
a4 Bg4 16. Ba3 Rfc8 17. bxc6 Nxc6 18. Nb5 Bf8 19. d3 d5 20. cxd5 Nxd5 21. e4
Rxb5 22. axb5 Nc3 23. Nxc3 Bxd1 24. Nd5 Kg7 25. Bxf8+ Kxf8 26. bxc6 Rxc6 27.
Rexd1 1/2-1/2

[Event "XXVI Festival Isola d'Elba A"]
[Site "Capoliveri ITA"]
[Date "2008.05.10"]
[Round "1"]
[White "Guerrini, Donato"]
[Black "Gromovs, Sergejs"]
[Result "0-1"]
[WhiteElo "2026"]
[BlackElo "2339"]
[PlyCount "62"]
[EventDate "2008.05.10"]

1. Nf3 h6 2. b4 Nf6 3. Bb2 e6 4. a3 b6 5. g3 Bb7 6. Bg2 Be7 7. d3 O-O 8. Nbd2
d6 9. c4 c5 10. b5 Nbd7 11. O-O Nh7 12. a4 a5 13. Qc2 Rb8 14. Rfe1 f5 15. e4 f4
16. e5 d5 17. Bh3 fxg3 18. hxg3 Kh8 19. Bxe6 dxc4 20. Qxc4 Bxf3 21. Nxf3 Rxf3
22. Qg4 Ndf8 23. Qxf3 Nxe6 24. Red1 Nhg5 25. Qg2 Nd4 26. Kf1 Qd7 27. Rac1 Rf8
28. Rc4 Qg4 29. Re1 Ngf3 30. Bxd4 Nxe1 31. Bxc5 Qd1 0-1

[Event "XXVI Festival Isola d'Elba A"]
[Site "Capoliveri ITA"]
[Date "2008.05.10"]
[Round "1"]
[White "Lazar, Andras"]
[Black "Cammarota, Vittorio"]
[Result "1-0"]
[WhiteElo "2111"]
[BlackElo "1914"]
[PlyCount "73"]
[EventDate "2008.05.10"]

1. e4 e5 2. Nc3 Nf6 3. Nf3 Nc6 4. Bb5 d6 5. d4 exd4 6. Nxd4 Bd7 7. Nxc6 bxc6 8.
Bc4 Be7 9. O-O O-O 10. Bf4 Rb8 11. Bb3 Re8 12. Re1 Ng4 13. Bg3 Bf6 14. h3 Ne5
15. f4 Ng6 16. Qd3 Qc8 17. Rad1 Nf8 18. f5 Qb7 19. Bf2 Rbd8 20. Qc4 Re7 21. e5
d5 22. Qf4 g5 23. Qg3 Bxf5 24. exf6 Rxe1+ 25. Rxe1 h6 26. Re7 Ne6 27. Qe5 Bg6
28. Na4 Qb5 29. Nc3 Qb7 30. Ne2 Qb4 31. c3 Qb5 32. Nd4 Nxd4 33. Re8+ Rxe8 34.
Qxe8+ Kh7 35. Bxd4 Be4 36. Qf8 Kg6 37. g4 1-0

[Event "XXVI Festival Isola d'Elba A"]
[Site "Capoliveri ITA"]
[Date "2008.05.10"]
[Round "1"]
[White "Luciani, Carlo"]
[Black "Bini, Lorenzo"]
[Result "1-0"]
[WhiteElo "2256"]
[BlackElo "2023"]
[PlyCount "81"]
[EventDate "2008.05.10"]

1. e4 b6 2. d4 Bb7 3. Bd3 Nf6 4. Qe2 Nc6 5. c3 e5 6. Nf3 d6 7. a3 Be7 8. O-O
O-O 9. Rd1 Qc8 10. h3 a6 11. Nbd2 Re8 12. Nf1 Bf8 13. Bg5 Nd7 14. Qc2 h6 15.
Bh4 g5 16. Bg3 Bg7 17. Ne3 Ne7 18. Bc4 Rf8 19. a4 Kh8 20. Rd2 b5 21. Bd3 bxa4
22. Rxa4 Nb6 23. Ra1 Qe6 24. Ra5 f6 25. Re2 Qf7 26. Ra1 Qh5 27. Nh2 Ng6 28.
Ree1 Nf4 29. Bxf4 gxf4 30. Nf5 Qf7 31. Nf3 Rg8 32. N3h4 Bf8 33. Be2 Rg5 34. b3
Kh7 35. c4 Be7 36. c5 dxc5 37. dxc5 Rag8 38. cxb6 f3 39. Bxf3 cxb6 40. Qc7 Bc8
41. Qxe7 1-0

[Event "XXVI Festival Isola d'Elba A"]
[Site "Capoliveri ITA"]
[Date "2008.05.10"]
[Round "1"]
[White "Mazzetta, Renato"]
[Black "Horton-Kitchlew, Andrew"]
[Result "1/2-1/2"]
[WhiteElo "1908"]
[BlackElo "2105"]
[PlyCount "84"]
[EventDate "2008.05.10"]

1. e4 e6 2. d3 d5 3. Nd2 Nf6 4. g3 dxe4 5. dxe4 Bc5 6. Qe2 Nc6 7. c3 h5 8. Nb3
Bb6 9. Bg5 e5 10. Nf3 h4 11. Nxh4 Bg4 12. f3 Be6 13. Nf5 Bxf5 14. exf5 Qd7 15.
Qd3 O-O-O 16. Qxd7+ Rxd7 17. Bxf6 gxf6 18. Be2 Rdd8 19. Rd1 Rdg8 20. g4 Rh3 21.
Nd2 Be3 22. Nf1 Bf4 23. Kf2 a6 24. Ng3 Ne7 25. Kg2 Rh4 26. Rd3 c6 27. c4 c5 28.
Rd6 Bg5 29. Rhd1 Rgh8 30. Rh1 Nc6 31. Nh5 Nd4 32. Bd3 Kc7 33. Rd5 b6 34. a3 Nc6
35. Be4 Nd4 36. Bd3 Rg8 37. b4 Nb3 38. bxc5 Nxc5 39. Rd1 Be3 40. Nxf6 Rgh8 41.
Nh5 Bf4 42. h3 Rg8 1/2-1/2

[Event "XXVI Festival Isola d'Elba A"]
[Site "Capoliveri ITA"]
[Date "2008.05.10"]
[Round "1"]
[White "Nelli, Carlo"]
[Black "Castiello, Luigi"]
[Result "0-1"]
[WhiteElo "1948"]
[BlackElo "2142"]
[PlyCount "36"]
[EventDate "2008.05.10"]

1. e4 c5 2. Nf3 e6 3. d4 cxd4 4. Nxd4 a6 5. Bd3 Qc7 6. O-O Nf6 7. Nc3 Nc6 8.
Nb3 Be7 9. Be3 Ne5 10. f3 h5 11. Na4 b5 12. Nb6 Neg4 13. fxg4 Nxg4 14. Bf4
Qxb6+ 15. Kh1 Nf2+ 16. Rxf2 Qxf2 17. Be5 Bf6 18. Bg3 Qe3 0-1

[Event "XXVI Festival Isola d'Elba A"]
[Site "Capoliveri ITA"]
[Date "2008.05.10"]
[Round "1"]
[White "Paleologu, Vladimir"]
[Black "Kopischke, Maik"]
[Result "1-0"]
[WhiteElo "2170"]
[BlackElo "1949"]
[PlyCount "47"]
[EventDate "2008.05.10"]

1. e4 d6 2. d4 Nf6 3. Nc3 g6 4. Be2 Bg7 5. h4 h5 6. Nf3 Bg4 7. Ng5 Bxe2 8. Qxe2
Nbd7 9. e5 Ng4 10. e6 Nf8 11. Qb5+ c6 12. exf7+ Kd7 13. Qxb7+ Qc7 14. Qxc7+
Kxc7 15. f3 Nh6 16. Ne2 Nf5 17. c3 Bf6 18. Kf2 Rb8 19. b3 e5 20. dxe5 dxe5 21.
Ng3 Ne7 22. N3e4 Bg7 23. Nc5 Kd6 24. Ba3 1-0

[Event "XXVI Festival Isola d'Elba A"]
[Site "Capoliveri ITA"]
[Date "2008.05.10"]
[Round "1"]
[White "Pepino, Enrico"]
[Black "Juhasz, Nagy Sandor"]
[Result "0-1"]
[WhiteElo "2138"]
[BlackElo "1938"]
[PlyCount "72"]
[EventDate "2008.05.10"]

1. e4 c6 2. d4 d5 3. Nc3 dxe4 4. Nxe4 Nd7 5. Bd3 Ngf6 6. Ng5 h6 7. Ne6 Qb6 8.
Nf3 g5 9. Nxf8 Nxf8 10. c3 Bg4 11. h3 Bh5 12. Qb3 Qxb3 13. axb3 Bxf3 14. gxf3
Ng6 15. Kd1 Nd5 16. Bd2 Ndf4 17. Be4 e6 18. Ra5 f5 19. Bc2 b6 20. Ra6 Kd7 21.
b4 Kc7 22. Ra1 Kb7 23. Bb3 b5 24. Kc2 Rae8 25. Rae1 Re7 26. h4 gxh4 27. Bxf4
Nxf4 28. Reg1 h3 29. Kd2 e5 30. dxe5 Rxe5 31. Rg7+ Kb6 32. Bd1 Rd8+ 33. Kc2
Red5 34. Rgg1 Rd2+ 35. Kb3 Rxf2 36. Rf1 Rg2 0-1

[Event "XXVI Festival Isola d'Elba A"]
[Site "Capoliveri ITA"]
[Date "2008.05.10"]
[Round "1"]
[White "Qendro, Llambi"]
[Black "Brunello, Marina"]
[Result "0-1"]
[WhiteElo "2389"]
[BlackElo "2035"]
[PlyCount "118"]
[EventDate "2008.05.10"]

1. d4 d5 2. c4 e6 3. cxd5 exd5 4. Nc3 Nf6 5. Bg5 Be7 6. e3 c6 7. Qc2 Nbd7 8.
Bd3 O-O 9. Nf3 Re8 10. O-O Nf8 11. Rab1 a5 12. a3 Ne4 13. Bxe7 Qxe7 14. Bxe4
dxe4 15. Nd2 f5 16. Ne2 Ng6 17. Rbc1 Be6 18. Qc3 Qf7 19. Nc4 Bxc4 20. Qxc4 Re6
21. d5 cxd5 22. Qxd5 Re5 23. Qxf7+ Kxf7 24. Rc7+ Re7 25. Rfc1 Rae8 26. Ng3 Kf6
27. R7c5 Re5 28. Nh5+ Kf7 29. Nf4 b6 30. Rc7+ R8e7 31. Nxg6 hxg6 32. g4 Rb5 33.
Rxe7+ Kxe7 34. Rc2 Kf6 35. Kg2 fxg4 36. Kg3 Kf5 37. Rd2 Kg5 38. b4 axb4 39. Rb2
b3 40. Kg2 Kf5 41. Kf1 Ke5 42. Ke2 Kd5 43. Rb1 b2 44. Kd2 Kc4 45. Kc2 Rf5 46.
Rf1 b1=Q+ 47. Kxb1 Kb3 48. a4 Kxa4 49. Kc2 Kb4 50. Kd2 b5 51. Ke2 Kc3 52. Rc1+
Kb2 53. Rg1 b4 54. Rxg4 b3 55. Rxe4 Kc3 56. Re8 b2 57. Rb8 Rc5 58. Kd1 Rd5+ 59.
Ke1 Ra5 0-1

[Event "XXVI Festival Isola d'Elba A"]
[Site "Capoliveri ITA"]
[Date "2008.05.10"]
[Round "1"]
[White "Ricci, Alfredo"]
[Black "Ortega, Lexy"]
[Result "0-1"]
[WhiteElo "2036"]
[BlackElo "2459"]
[PlyCount "52"]
[EventDate "2008.05.10"]

1. e4 c5 2. Nf3 e6 3. d4 cxd4 4. Nxd4 a6 5. Be2 Nf6 6. Nc3 d6 7. O-O Be7 8. Be3
Qc7 9. Qd2 b5 10. f3 Nbd7 11. Rac1 Bb7 12. Bf2 O-O 13. Nd1 d5 14. exd5 Nxd5 15.
c4 bxc4 16. Rxc4 Qd8 17. Nc6 Bxc6 18. Rxc6 Bg5 19. Qd4 a5 20. a3 Qb8 21. Qg4
Ne5 22. Qxg5 Nxc6 23. Bd3 Qf4 24. Qh5 h6 25. g3 Qg5 26. Qh3 Nf4 0-1

[Event "XXVI Festival Isola d'Elba A"]
[Site "Capoliveri ITA"]
[Date "2008.05.10"]
[Round "1"]
[White "Rigo, Janos"]
[Black "Proia, Gaetano"]
[Result "1-0"]
[WhiteElo "2298"]
[BlackElo "2026"]
[PlyCount "129"]
[EventDate "2008.05.10"]

1. e4 e5 2. Nf3 Nc6 3. Bb5 a6 4. Ba4 Nf6 5. O-O b5 6. Bb3 Be7 7. Re1 O-O 8. a4
b4 9. c3 d6 10. h3 Rb8 11. d4 h6 12. Nbd2 Re8 13. Nf1 Bf8 14. Ng3 Na5 15. Bc2
Qe7 16. cxb4 Nc6 17. b5 axb5 18. axb5 Nxd4 19. Nxd4 exd4 20. Ra7 Rb7 21. Rxb7
Bxb7 22. Qxd4 Qe5 23. Be3 Bc8 24. Bd3 Bd7 25. Rc1 Rb8 26. Rxc7 Bxb5 27. Qxe5
dxe5 28. Bxb5 Rxb5 29. Rc8 Rxb2 30. Nf5 Nh7 31. Ne7+ Kh8 32. h4 h5 33. f3 Rb7
34. Nf5 f6 35. Kh2 Kg8 36. Bc5 Rb5 37. Bxf8 Nxf8 38. Rc7 Ne6 39. Rc8+ Nf8 40.
g3 Rb3 41. Rc7 Ne6 42. Re7 Rb6 43. Kh3 Kf8 44. Rd7 Rc6 45. Ra7 Rc7 46. Ra3 g6
47. Ne3 Kf7 48. Nd5 Rb7 49. Ra6 Rd7 50. g4 Rxd5 51. Ra7+ Kg8 52. exd5 Nf4+ 53.
Kg3 Nxd5 54. g5 fxg5 55. hxg5 Nc3 56. Ra6 Kf7 57. Rf6+ Kg7 58. Ra6 Ne2+ 59. Kh3
Nf4+ 60. Kh4 Ng2+ 61. Kg3 Ne3 62. Ra7+ Kf8 63. Ra5 Nf5+ 64. Kf2 h4 65. Rxe5 1-0

[Event "XXVI Festival Isola d'Elba A"]
[Site "Capoliveri ITA"]
[Date "2008.05.11"]
[Round "2"]
[White "Bini, Alessandro"]
[Black "Pepino, Enrico"]
[Result "0-1"]
[WhiteElo "2007"]
[BlackElo "2138"]
[PlyCount "116"]
[EventDate "2008.05.10"]

1. c4 g6 2. Nc3 Bg7 3. g3 c5 4. Bg2 Nc6 5. e3 d6 6. Nge2 e5 7. d3 Nge7 8. a3
Be6 9. Nd5 O-O 10. O-O Rb8 11. Nec3 Bd7 12. Rb1 Nxd5 13. cxd5 Ne7 14. b4 b6 15.
Bb2 f5 16. f4 exf4 17. exf4 Rc8 18. Ne2 Be8 19. Bxg7 Kxg7 20. Qb3 Bf7 21. b5
Re8 22. Nc3 Ng8 23. Rbe1 Qf6 24. Qc4 h5 25. Bf3 Nh6 26. h3 Ng8 27. Kg2 Qd4 28.
g4 hxg4 29. hxg4 Nf6 30. g5 Ng4 31. Nd1 Ne3+ 32. Nxe3 Rxe3 33. Rxe3 Qxe3 34.
Qc3+ Qd4 35. Rc1 Qxc3 36. Rxc3 Kf8 37. Kf2 Ke7 38. Ke3 Rh8 39. d4 Rh3 40. dxc5
dxc5 41. Kf2 Bxd5 42. Rd3 Rxf3+ 43. Rxf3 Bxf3 44. Kxf3 Ke6 45. Ke3 Kd5 46. Kd3
c4+ 47. Kc3 Ke4 48. Kxc4 Kxf4 49. Kd5 Kxg5 50. Kc6 f4 51. Kb7 f3 52. Kxa7 f2
53. Kxb6 f1=Q 54. a4 Qf6+ 55. Ka5 Qc3+ 56. Kb6 Qd4+ 57. Ka5 Qa7+ 58. Kb4 Kf5
0-1

[Event "XXVI Festival Isola d'Elba A"]
[Site "Capoliveri ITA"]
[Date "2008.05.11"]
[Round "2"]
[White "Bini, Lorenzo"]
[Black "Qendro, Llambi"]
[Result "1/2-1/2"]
[WhiteElo "2023"]
[BlackElo "2389"]
[PlyCount "95"]
[EventDate "2008.05.10"]

1. f4 g6 2. Nf3 Bg7 3. g3 d5 4. c3 Nc6 5. Bg2 Nf6 6. d3 O-O 7. O-O Bg4 8. Nbd2
Qc8 9. Ne5 Nxe5 10. fxe5 Nd7 11. d4 Nb6 12. Qe1 Bh3 13. e4 Bxg2 14. Kxg2 c5 15.
exd5 cxd4 16. cxd4 Nxd5 17. Qe4 Nb4 18. Nf3 Qc2+ 19. Qxc2 Nxc2 20. Rb1 Rad8 21.
Rd1 Rd5 22. Rd2 Rc8 23. Kh3 Nb4 24. a3 Nc6 25. Rc2 Rcd8 26. Be3 f6 27. Kg2 fxe5
28. dxe5 Bxe5 29. b4 a6 30. a4 Bd4 31. b5 axb5 32. axb5 Bxe3 33. bxc6 bxc6 34.
Rxc6 Bd4 35. h4 Bf6 36. g4 Ra5 37. g5 Ra2+ 38. Kg3 Bg7 39. Re6 Ra7 40. Rbe1 Kf7
41. R6e4 Rd3 42. Kg4 Rda3 43. Rf4+ Ke8 44. h5 R3a4 45. hxg6 hxg6 46. Ree4 Rxe4
47. Rxe4 Ra1 48. Kf4 1/2-1/2

[Event "XXVI Festival Isola d'Elba A"]
[Site "Capoliveri ITA"]
[Date "2008.05.11"]
[Round "2"]
[White "Brunello, Marina"]
[Black "Evangelisti, Claudio R."]
[Result "0-1"]
[WhiteElo "2035"]
[BlackElo "2244"]
[PlyCount "76"]
[EventDate "2008.05.10"]

1. e4 g6 2. d4 Bg7 3. Nc3 d6 4. Be3 c6 5. Nf3 Nf6 6. h3 b5 7. e5 Nfd7 8. exd6
exd6 9. d5 b4 10. Ne4 Nf6 11. Nxf6+ Bxf6 12. Bd4 O-O 13. Be2 c5 14. Bxf6 Qxf6
15. Rb1 Bb7 16. O-O Nd7 17. c4 bxc3 18. bxc3 Nb6 19. c4 Ba6 20. Qc2 Rfe8 21.
Bd3 Re7 22. Rfe1 Rae8 23. Rxe7 Rxe7 24. Rc1 Kg7 25. Qd2 h6 26. Nh2 Bc8 27. Qd1
Qd4 28. Nf3 Qf4 29. g3 Qf6 30. Kg2 Nd7 31. Rb1 Ne5 32. Nxe5 Rxe5 33. Qd2 Bxh3+
34. Kxh3 Qf3 35. Qc3 h5 36. Rf1 h4 37. Kh2 f6 38. g4 h3 0-1

[Event "XXVI Festival Isola d'Elba A"]
[Site "Capoliveri ITA"]
[Date "2008.05.11"]
[Round "2"]
[White "Cammarota, Vittorio"]
[Black "Guerrini, Donato"]
[Result "1/2-1/2"]
[WhiteElo "1914"]
[BlackElo "2026"]
[PlyCount "57"]
[EventDate "2008.05.10"]

1. d4 Nf6 2. Nf3 g6 3. Bf4 Bg7 4. e3 O-O 5. Be2 b6 6. O-O Bb7 7. c4 d6 8. Nc3
Nbd7 9. h3 c5 10. d5 a6 11. a4 Nb8 12. Qc2 a5 13. Rad1 Na6 14. e4 Nd7 15. Qd2
Nb4 16. Bh6 Ba6 17. Bxg7 Kxg7 18. Qf4 Qc7 19. b3 Rad8 20. g4 Ne5 21. Nxe5 dxe5
22. Qe3 Qd6 23. Rd2 h6 24. h4 g5 25. Kg2 Qf6 26. h5 Qf4 27. Qxf4 gxf4 28. f3
Kf6 29. Rfd1 1/2-1/2